000 00460nam a22001937a 4500
003 MPLRDC
005 20220104143611.0
008 210129b ||||| |||| 00| 0 eng d
020 _a957-621-499-8
082 _a782.886 MKW
100 _a梅可望
245 _a从忧患中走来
_c
250 _a第一版
260 _a
_b天下远见
_c1998
300 _b
490 _a社会人文. 109
650 _a梅可望传记
942 _cBK
_o782.886 MKW
999 _c41490
_d41480